Normal view
MARC view
- Debo, Thomas N.
Entry Personal Name
001 - CONTROL NUMBER
- control field: 6054
003 - CONTROL NUMBER IDENTIFIER
- control field: NUST
005 - DATE AND TIME OF LATEST TRANSACTION
- control field: 20171107102731.0
008 - FIXED-LENGTH DATA ELEMENTS
- fixed length control field: 171107|| aca||aabn | a|a d
040 ## - CATALOGING SOURCE
- Original cataloging agency: NUST
- Transcribing agency: NUST
100 ## - HEADING--PERSONAL NAME
- Personal name: Debo, Thomas N.
- Fuller form of name: (Thomas Neil),
- Dates associated with a name: 1941-
670 ## - SOURCE DATA FOUND
- Source citation: Work cat.: (NUST)0: Debo, Thomas N. (Thomas Neil), 1941-, Municipal stormwater management /, c2003.
